The Astral Library : (Record no. 417049)
[ view plain ]
| 000 -LEADER | |
|---|---|
| fixed length control field | 02350nam a2200349 i 4500 |
| 001 - CONTROL NUMBER | |
| control field | zcodcb b8876782 |
| 003 - CONTROL NUMBER IDENTIFIER | |
| control field | OCoLC |
| 005 - DATE AND TIME OF LATEST TRANSACTION | |
| control field | 20260306114108.0 |
| 008 - FIXED-LENGTH DATA ELEMENTS--GENERAL INFORMATION | |
| fixed length control field | 251017s2026 nyu e 000 1 eng d |
| 020 ## - INTERNATIONAL STANDARD BOOK NUMBER | |
| International Standard Book Number | 9780063244788 |
| 020 ## - INTERNATIONAL STANDARD BOOK NUMBER | |
| International Standard Book Number | 9780063479753 |
| 020 ## - INTERNATIONAL STANDARD BOOK NUMBER | |
| International Standard Book Number | 0063479753 |
| 020 ## - INTERNATIONAL STANDARD BOOK NUMBER | |
| International Standard Book Number | 0063244780 |
| 040 ## - CATALOGING SOURCE | |
| Original cataloging agency | PABRO |
| Language of cataloging | eng |
| Description conventions | rda |
| Transcribing agency | PABRO |
| 092 ## - LOCALLY ASSIGNED DEWEY CALL NUMBER (OCLC) | |
| Classification number | fiction |
| Item number | Quinn, Kate |
| 100 1# - MAIN ENTRY--PERSONAL NAME | |
| Personal name | Quinn, Kate, |
| Relator term | author. |
| 9 (RLIN) | 6014591 |
| 245 14 - TITLE STATEMENT | |
| Title | The Astral Library : |
| Remainder of title | a novel / |
| Statement of responsibility, etc | Kate Quinn. |
| 250 ## - EDITION STATEMENT | |
| Edition statement | First edition. |
| 264 #1 - Production, Publication, Distribution, Manufacture, and Copyright Notice. | |
| Place of production, publication, distribution, manufacture | New York : |
| Name of producer, publisher, distributor, manufacturer | William Morrow, an imprint of HarperCollins Publishers, |
| Date of production, publication, distribution, manufacture, or copyr | [2026] |
| 300 ## - PHYSICAL DESCRIPTION | |
| Extent | 297 pages ; |
| Dimensions | 24 cm. |
| 336 ## - Content Type | |
| Content type term | text |
| 337 ## - Media type | |
| Media type term | unmediated |
| 338 ## - Carrier type | |
| Carrier type term | volume |
| 520 ## - SUMMARY, ETC. | |
| Summary, etc | "Alexandria “Alix” Watson has learned one lesson from her barren childhood in the foster-care system: unlike people, books will never let you down. Working three dead-end jobs to make ends meet and knowing college is a pipe dream, Alix takes nightly refuge in the high-vaulted reading room at the Boston Public Library, escaping into her favorite fantasy novels and dreaming of far-off lands. Until the day she stumbles through a hidden door and meets the Librarian: the ageless, acerbic guardian of a hidden library where the desperate and the lost escape to new lives...inside their favorite books. The Librarian takes a dazzled Alix under her wing, but before she can escape into the pages of her new life, a shadowy enemy emerges to threaten everyone the Astral Library has ever helped protect. Aided by a dashing costume-shop owner, Alix and the Librarian flee through the Regency drawing rooms of Jane Austen to the back alleys of Sherlock Holmes and the champagne-soaked parties of The Great Gatsby as danger draws inexorably closer. But who does their enemy really wish to destroy—Alix, the Librarian, or the Library itself?" |
| 650 #0 - SUBJECT ADDED ENTRY--TOPICAL TERM | |
| Topical term or geographic name as entry element | Libraries |
| Form subdivision | Fiction. |
| 9 (RLIN) | 5676033 |
| 650 #0 - SUBJECT ADDED ENTRY--TOPICAL TERM | |
| Topical term or geographic name as entry element | Books and reading |
| Form subdivision | Fiction. |
| 9 (RLIN) | 5684815 |
| 650 #0 - SUBJECT ADDED ENTRY--TOPICAL TERM | |
| Topical term or geographic name as entry element | Librarians |
| Form subdivision | Fiction. |
| 9 (RLIN) | 5696227 |
| 653 ## - INDEX TERM--UNCONTROLLED | |
| Uncontrolled term | UPMARKET FICTION |
| -- | LIBRARY |
| -- | EBOOKS |
| -- | ADVENTURE |
| -- | SUMMER READ |
| -- | BOOKWORM |
| -- | MAGICAL REALISM |
| -- | NEW YORK TIMES BESTSELLER |
| -- | FANTASY ROMANCE |
| -- | KATE QUINN |
| -- | GIFTS FOR WOMEN |
| -- | BOOKTOK. |
| 655 #7 - INDEX TERM--GENRE/FORM | |
| Genre/form data or focus term | Fantasy fiction. |
| Source of term | lcgft |
| 655 #7 - INDEX TERM--GENRE/FORM | |
| Genre/form data or focus term | Fantasy fiction. |
| Source of term | gsafd. |
| 942 ## - ADDED ENTRY ELEMENTS (KOHA) | |
| Source of classification or shelving scheme | Dewey Decimal Classification |
| Koha item type | BOOK |
| Withdrawn status | Lost status | Source of classification or shelving scheme | Damaged status | Not for loan | Collection code | Home library | Current library | Shelving location | Date acquired | Source of acquisition | Total Checkouts | Total Renewals | Full call number | Barcode | Checked out | Date last seen | Date checked out | Cost, replacement price | Price effective from | Koha item type |
|---|---|---|---|---|---|---|---|---|---|---|---|---|---|---|---|---|---|---|---|---|
| Dewey Decimal Classification | Fiction | Wasatch County Library | Wasatch County Library | First Floor | 02/18/2026 | Ingram | 2 | 2 | F Quinn | 34301002179416 | 04/25/2026 | 02/24/2026 | 02/24/2026 | 30.00 | 02/18/2026 | BOOK |
